Hướng dẫn sử dụng các quy phạm trong nuôi trồng thủy sản theo quy định của pháp luật

Nội dung cuốn sách gồm phần 1 các quy định về môi trường và dịch bệnh thủy sản; phần 2 các quy định đối với cơ sở nuôi trồng thủy sản.

Salvato in:
Dettagli Bibliografici
Autore principale: Phạm, Anh Tuấn
Natura: Libro
Lingua:Undetermined
Pubblicazione: Hà Nội Nông Nghiệp 2013
Soggetti:
Tags: Aggiungi Tag
Nessun Tag, puoi essere il primo ad aggiungerne! !
Thư viện lưu trữ: Trung tâm Học liệu Trường Đại học Cần Thơ
LEADER 00925nam a2200193Ia 4500
001 CTU_211430
008 210402s9999 xx 000 0 und d
082 |a 343.07693 
082 |b T502/T.2 
100 |a Phạm, Anh Tuấn 
245 0 |a Hướng dẫn sử dụng các quy phạm trong nuôi trồng thủy sản theo quy định của pháp luật 
245 0 |c Phạm Anh Tuấn (Chủ biên) 
260 |a Hà Nội 
260 |b Nông Nghiệp 
260 |c 2013 
520 |a Nội dung cuốn sách gồm phần 1 các quy định về môi trường và dịch bệnh thủy sản; phần 2 các quy định đối với cơ sở nuôi trồng thủy sản. 
650 |a Fishery law and legislation,Luật thủy sản và văn bản pháp luật 
904 |i Hà Phương Trung,Hải 
980 |a Trung tâm Học liệu Trường Đại học Cần Thơ